<?xml version="1.0" encoding="UTF-8"?>
<marc:record xmlns:marc="http://www.loc.gov/MARC21/slim">
   <marc:leader>00000nam a2200000 a 4500</marc:leader>
   <marc:datafield ind1="1" ind2=" " tag="100">
      <marc:subfield code="a">Mallery, Susan</marc:subfield>
      <marc:subfield code="4">aut</marc:subfield>
      <marc:subfield code="e">Verfasser/-in</marc:subfield>
   </marc:datafield>
   <marc:datafield ind1="1" ind2=" " tag="100">
      <marc:subfield code="a">Meyer, Christiane</marc:subfield>
   </marc:datafield>
   <marc:datafield ind1="0" ind2="0" tag="245">
      <marc:subfield code="a">Die Brombeerschwestern</marc:subfield>
   </marc:datafield>
   <marc:datafield ind1="0" ind2="0" tag="245">
      <marc:subfield code="b">Roman</marc:subfield>
   </marc:datafield>
   <marc:datafield ind1="0" ind2="0" tag="245">
      <marc:subfield code="c">Mallery, Susan</marc:subfield>
   </marc:datafield>
   <marc:datafield ind1=" " ind2="1" tag="264">
      <marc:subfield code="a">Hamburg</marc:subfield>
      <marc:subfield code="b">HarperCollins</marc:subfield>
      <marc:subfield code="c">2022</marc:subfield>
   </marc:datafield>
   <marc:datafield ind1=" " ind2=" " tag="250">
      <marc:subfield code="a">1. Auflage</marc:subfield>
   </marc:datafield>
   <marc:datafield ind1="1" ind2=" " tag="520">
      <marc:subfield code="a">Wenn Schwestern (doch noch) Freundinnen werden&#xD;
&#xD;
Durch die Heirat ihrer Eltern sind Daisy und Sage vor achtzehn Jahren Stiefschwestern geworden. Aber auch wenn Daisy es sich sehr gewünscht hat, wurden sie und ihre Schwester keine Freundinnen, sondern Rivalinnen. Die Lage spitzte sich zu, als Sage öffentlich ihre Liebe erklärte – zu Daisys Ehemann, während Daisys Hochzeitsfeier. Danach herrschte absolute Funkstille. Jetzt aber müssen die beiden Frauen zusammenhalten. Denn ihre gemeinsame Schwester braucht sie. Gelingt es ihnen, alte Wunden zu heilen und zu verziehen?</marc:subfield>
   </marc:datafield>
   <marc:datafield ind1=" " ind2=" " tag="020">
      <marc:subfield code="a">9783749903610</marc:subfield>
      <marc:subfield code="9">9783749903610</marc:subfield>
   </marc:datafield>
   <marc:datafield ind1=" " ind2=" " tag="020">
      <marc:subfield code="a">3749903611</marc:subfield>
      <marc:subfield code="9">3749903611</marc:subfield>
   </marc:datafield>
   <marc:datafield ind1=" " ind2=" " tag="041">
      <marc:subfield code="a">ger</marc:subfield>
   </marc:datafield>
   <marc:datafield ind1=" " ind2=" " tag="338">
      <marc:subfield code="a">Band</marc:subfield>
   </marc:datafield>
   <marc:datafield ind1=" " ind2=" " tag="300">
      <marc:subfield code="a">461 Seiten</marc:subfield>
   </marc:datafield>
</marc:record>
